[Event "George Trundle NZ Qualifiers 2017"]
[Site "Auckland, NZL"]
[Date "2017.10.05"]
[Round "6.1"]
[White "Goodhue, Nathan"]
[Black "Nyberg, Michael"]
[Result "0-1"]
[BlackElo "1881"]
[WhiteElo "1976"]
[LiveChessVersion "1.4.8"]

1. b3 {[%clk 1:22:53]} Nf6 {[%clk 1:30:44]} 2. Bb2 {[%clk 1:23:16]} e6
{[%clk 1:31:00]} 3. f4 {[%clk 1:23:15]} d5 {[%clk 1:31:06]} 4. e3
{[%clk 1:23:22]} Nbd7 {[%clk 1:31:02]} 5. Nf3 {[%clk 1:23:43]} b6
{[%clk 1:30:33]} 6. d4 {[%clk 1:23:51]} Bb7 {[%clk 1:30:55]} 7. Nbd2
{[%clk 1:24:01]} Be7 {[%clk 1:23:43]} 8. Ne5 {[%clk 1:22:26]} a6 {[%clk 1:15:48]}
9. Bd3 {[%clk 1:21:31]} c5 {[%clk 1:11:05]} 10. O-O {[%clk 1:20:36]} g6
{[%clk 1:06:36]} 11. a4 {[%clk 1:16:19]} cxd4 {[%clk 1:06:58]} 12. exd4
{[%clk 1:16:14]} O-O {[%clk 1:01:40]} 13. Qe2 {[%clk 1:15:01]} Ne8
{[%clk 0:57:39]} 14. g4 {[%clk 1:10:17]} Ng7 {[%clk 0:50:11]} 15. Rae1
{[%clk 0:50:38]} Bh4 {[%clk 0:46:03]} 16. Ra1 {[%clk 0:48:37]} Be7
{[%clk 0:46:21]} 17. Ba3 {[%clk 0:25:38]} Bxa3 {[%clk 0:41:38]} 18. Rxa3
{[%clk 0:25:22]} f5 {[%clk 0:41:12]} 19. g5 {[%clk 0:24:45]} Ne8 {[%clk 0:34:24]}
20. Ndf3 {[%clk 0:23:34]} Nd6 {[%clk 0:34:11]} 21. Nxg6 {[%clk 0:21:43]} Re8
{[%clk 0:26:49]} 22. Nge5 {[%clk 0:21:14]} Ne4 {[%clk 0:26:28]} 23. Nxd7
{[%clk 0:21:15]} Qxd7 {[%clk 0:26:50]} 24. Ne5 {[%clk 0:19:18]} Qe7
{[%clk 0:26:18]} 25. Raa1 {[%clk 0:19:35]} Qb4 {[%clk 0:26:36]} 26. Qe3
{[%clk 0:19:25]} Rac8 {[%clk 0:24:28]} 27. Bxe4 {[%clk 0:19:08]} dxe4
{[%clk 0:24:41]} 28. c4 {[%clk 0:19:14]} Rcd8 {[%clk 0:23:49]} 29. Rad1
{[%clk 0:18:55]} b5 {[%clk 0:24:01]} 30. axb5 {[%clk 0:18:55]} axb5
{[%clk 0:24:18]} 31. h4 {[%clk 0:17:45]} Rc8 {[%clk 0:22:08]} 32. h5
{[%clk 0:17:54]} bxc4 {[%clk 0:21:46]} 33. bxc4 {[%clk 0:18:02]} Ba6
{[%clk 0:22:05]} 34. Rb1 {[%clk 0:17:26]} Qe7 {[%clk 0:22:08]} 35. Rfc1
{[%clk 0:17:28]} Red8 {[%clk 0:21:46]} 36. Rb6 {[%clk 0:13:00]} Bb7
{[%clk 0:17:08]} 37. Ra1 {[%clk 0:09:32]} Rc7 {[%clk 0:13:58]} 38. Rab1
{[%clk 0:05:39]} Ba8 {[%clk 0:13:25]} 39. Rb8 {[%clk 0:05:40]} Rcc8
{[%clk 0:13:39]} 40. Rxc8 {[%clk 0:33:53]} Rxc8 {[%clk 0:43:59]} 41. Rb6
{[%clk 0:27:23]} Qa7 {[%clk 0:42:42]} 42. Rb1 {[%clk 0:20:33]} Qa2
{[%clk 0:42:37]} 43. Rd1 {[%clk 0:20:45]} Rb8 {[%clk 0:42:37]} 44. Rd2
{[%clk 0:13:49]} Qa1+ {[%clk 0:40:06]} 45. Kg2 {[%clk 0:12:47]} Rb1
{[%clk 0:40:18]} 46. Kg3 {[%clk 0:07:11]} Rg1+ {[%clk 0:31:44]} 47. Rg2
{[%clk 0:07:07]} Rc1 {[%clk 0:32:00]} 48. Ra2 {[%clk 0:04:26]} Qxa2
{[%clk 0:24:00]} 49. Qxc1 {[%clk 0:04:36]} e3 {[%clk 0:24:17]} 50. Qf1
{[%clk 0:02:19]} Be4 {[%clk 0:22:39]} 51. c5 {[%clk 0:02:12]} Qc2
{[%clk 0:21:12]} 52. h6 {[%clk 0:01:18]} Qc3 {[%clk 0:14:01]} 53. Qe2
{[%clk 0:01:22]} Qd2 {[%clk 0:13:56]} 54. Qf1 0-1

[Event "George Trundle NZ Qualifiers 2017"]
[Site "Auckland, NZL"]
[Date "2017.10.05"]
[Round "6.2"]
[White "Macdonald, Paul"]
[Black "Morrell, Gordon"]
[Result "0-1"]
[BlackElo "2030"]
[WhiteElo "2033"]
[LiveChessVersion "1.4.8"]

1. b3 {[%clk 1:30:58]} e5 {[%clk 1:30:53]} 2. Bb2 {[%clk 1:31:22]} Nc6
{[%clk 1:31:17]} 3. e4 {[%clk 1:31:40]} Nf6 {[%clk 1:31:29]} 4. Nf3
{[%clk 1:31:41]} Nxe4 {[%clk 1:31:37]} 5. Nxe5 {[%clk 1:30:30]} Nxe5
{[%clk 1:31:38]} 6. Qe2 {[%clk 1:30:54]} Bd6 {[%clk 1:32:02]} 7. Qxe4
{[%clk 1:30:59]} O-O {[%clk 1:32:25]} 8. Nc3 {[%clk 1:31:15]} Re8
{[%clk 1:32:47]} 9. O-O-O {[%clk 1:31:35]} c6 {[%clk 1:33:12]} 10. g3
{[%clk 1:31:00]} Bc7 {[%clk 1:33:01]} 11. Qg2 {[%clk 1:31:21]} d5
{[%clk 1:32:57]} 12. d4 {[%clk 1:28:52]} Nd7 {[%clk 1:26:22]} 13. Bd3
{[%clk 1:28:40]} b5 {[%clk 1:26:11]} 14. Rde1 {[%clk 1:28:06]} Nb6
{[%clk 1:19:36]} 15. Kb1 {[%clk 1:24:02]} Bd7 {[%clk 1:08:14]} 16. h4 Bd6
{[%clk 1:00:45]} 17. h5 {[%clk 1:09:25]} a5 {[%clk 0:58:03]} 18. Qf3
{[%clk 1:04:06]} Rxe1+ {[%clk 0:52:54]} 19. Rxe1 {[%clk 1:04:32]} Qf8
{[%clk 0:53:16]} 20. h6 {[%clk 0:55:07]} g6 {[%clk 0:49:25]} 21. Qf6
{[%clk 0:44:07]} Re8 {[%clk 0:40:57]} 22. Rxe8 {[%clk 0:43:47]} Bxe8
{[%clk 0:39:34]} 23. Bc1 {[%clk 0:38:01]} Be7 {[%clk 0:25:18]} 24. Qf4
{[%clk 0:35:06]} Bd7 {[%clk 0:20:39]} 25. Qc7 {[%clk 0:26:43]} Qd8
{[%clk 0:16:01]} 26. Bf4 {[%clk 0:23:33]} g5 {[%clk 0:13:32]} 27. Bd6
{[%clk 0:20:30]} Nc8 {[%clk 0:13:08]} 28. Qxd8+ {[%clk 0:20:40]} Bxd8
{[%clk 0:13:32]} 29. Be5 {[%clk 0:18:42]} f6 {[%clk 0:13:12]} 30. Bb8
{[%clk 0:18:54]} Ne7 {[%clk 0:11:36]} 31. f3 {[%clk 0:10:36]} Bf5
{[%clk 0:08:34]} 32. g4 {[%clk 0:10:57]} Bxd3 {[%clk 0:08:27]} 33. cxd3
{[%clk 0:11:25]} Kf7 {[%clk 0:08:33]} 34. f4 {[%clk 0:07:28]} Ng8 35. fxg5
{[%clk 0:04:53]} fxg5 {[%clk 0:07:19]} 36. Nd1 {[%clk 0:05:05]} Nxh6
{[%clk 0:06:15]} 37. Ne3 {[%clk 0:05:22]} Kg6 {[%clk 0:04:18]} 38. a4
{[%clk 0:03:48]} bxa4 {[%clk 0:04:07]} 39. bxa4 {[%clk 0:04:17]} Bb6
{[%clk 0:04:00]} 40. Be5 {[%clk 0:33:13]} Nf7 {[%clk 0:31:10]} 41. Nf5
{[%clk 0:31:42]} Nxe5 {[%clk 0:24:43]} 42. dxe5 {[%clk 0:31:32]} h5
{[%clk 0:24:15]} 43. Ne7+ {[%clk 0:14:05]} Kf7 {[%clk 0:23:18]} 44. Nf5
{[%clk 0:14:33]} h4 {[%clk 0:22:15]} 45. d4 {[%clk 0:14:24]} h3 {[%clk 0:22:12]}
0-1

[Event "George Trundle NZ Qualifiers 2017"]
[Site "Auckland, NZL"]
[Date "2017.10.05"]
[Round "6.3"]
[White "Milligan, Helen"]
[Black "Zhang, Jasmine Haomo"]
[Result "1/2-1/2"]
[BlackElo "1826"]
[WhiteElo "2007"]
[LiveChessVersion "1.4.8"]

1. e4 {[%clk 1:30:57]} c5 {[%clk 1:30:54]} 2. Nf3 {[%clk 1:31:22]} d6
{[%clk 1:31:19]} 3. d4 {[%clk 1:31:47]} cxd4 {[%clk 1:31:44]} 4. Nxd4
{[%clk 1:32:12]} Nf6 {[%clk 1:32:09]} 5. Nc3 {[%clk 1:32:35]} a6 {[%clk 1:32:33]}
6. Be3 {[%clk 1:32:38]} e6 {[%clk 1:32:42]} 7. f3 {[%clk 1:32:44]} Be7
{[%clk 1:33:00]} 8. Qd2 {[%clk 1:32:58]} b5 {[%clk 1:32:44]} 9. a4
{[%clk 1:29:42]} bxa4 {[%clk 1:29:23]} 10. Nxa4 {[%clk 1:26:24]} Qc7
{[%clk 1:28:43]} 11. Bd3 {[%clk 1:23:29]} Nbd7 {[%clk 1:27:20]} 12. O-O
{[%clk 1:22:28]} O-O {[%clk 1:26:13]} 13. Nc3 {[%clk 1:15:30]} Bb7
{[%clk 1:24:50]} 14. Qe2 {[%clk 1:14:36]} Nc5 {[%clk 1:24:23]} 15. Kh1
{[%clk 1:13:25]} Rfd8 {[%clk 1:16:21]} 16. Bc4 {[%clk 1:09:03]} d5
{[%clk 1:11:38]} 17. exd5 {[%clk 1:08:34]} Nxd5 {[%clk 1:10:38]} 18. Nxd5
{[%clk 1:06:04]} exd5 {[%clk 0:58:44]} 19. Bd3 {[%clk 1:01:21]} Bf6
{[%clk 0:58:35]} 20. Rfe1 {[%clk 0:57:59]} Re8 {[%clk 0:58:39]} 21. Qd2
{[%clk 0:56:59]} g6 {[%clk 0:49:05]} 22. Bf1 {[%clk 0:52:57]} Nd7
{[%clk 0:41:39]} 23. Rab1 {[%clk 0:47:41]} Rac8 {[%clk 0:38:48]} 24. c3
{[%clk 0:44:09]} Nb6 {[%clk 0:34:54]} 25. Bf4 {[%clk 0:38:01]} Qc5
{[%clk 0:32:01]} 26. Nb3 {[%clk 0:34:21]} Qc6 {[%clk 0:31:00]} 27. Na5
{[%clk 0:32:27]} Qd7 {[%clk 0:31:21]} 28. Be3 {[%clk 0:27:07]} Qc7
{[%clk 0:25:39]} 29. Bf4 {[%clk 0:23:10]} Qd7 {[%clk 0:25:35]} 30. Be3
{[%clk 0:21:21]} Qc7 {[%clk 0:25:08]} 31. Bf4 1/2-1/2

[Event "George Trundle NZ Qualifiers 2017"]
[Site "Auckland, NZL"]
[Date "2017.10.05"]
[Round "6.4"]
[White "Nicholls, Leighton"]
[Black "Polishchuk, Kirill"]
[Result "1/2-1/2"]
[BlackElo "2134"]
[WhiteElo "1902"]
[LiveChessVersion "1.4.8"]

1. f4 {[%clk 1:30:57]} d5 {[%clk 1:30:55]} 2. Nf3 {[%clk 1:31:21]} Bg4
{[%clk 1:31:09]} 3. Ne5 {[%clk 1:31:42]} h5 {[%clk 1:31:10]} 4. Nxg4
{[%clk 1:27:48]} hxg4 {[%clk 1:31:32]} 5. g3 {[%clk 1:26:12]} Nf6
{[%clk 1:31:26]} 6. Bg2 {[%clk 1:25:42]} Nbd7 {[%clk 1:28:29]} 7. c4
{[%clk 1:22:03]} c6 {[%clk 1:26:47]} 8. cxd5 {[%clk 1:18:58]} cxd5
{[%clk 1:27:04]} 9. Nc3 {[%clk 1:16:20]} Qb6 {[%clk 1:25:12]} 10. Nxd5
{[%clk 1:10:33]} Nxd5 {[%clk 1:23:49]} 11. Bxd5 {[%clk 1:10:59]} Rxh2
{[%clk 1:22:25]} 12. e3 {[%clk 1:07:24]} Qh6 {[%clk 1:01:13]} 13. Rxh2
{[%clk 1:07:15]} Qxh2 {[%clk 1:00:46]} 14. Qxg4 {[%clk 1:07:27]} Qg1+
{[%clk 1:00:08]} 15. Ke2 {[%clk 1:07:45]} Rc8 {[%clk 0:59:04]} 16. Qh5
{[%clk 0:58:33]} e6 {[%clk 0:42:01]} 17. Qh1 {[%clk 0:55:39]} Qxg3
{[%clk 0:40:28]} 18. Bxb7 {[%clk 0:52:47]} Rc7 {[%clk 0:40:04]} 19. b3
{[%clk 0:48:27]} Bb4 {[%clk 0:34:11]} 20. a3 {[%clk 0:46:06]} Bd6
{[%clk 0:30:01]} 21. Bb2 {[%clk 0:42:41]} Bxf4 {[%clk 0:22:22]} 22. Rc1
{[%clk 0:32:06]} Rxc1 {[%clk 0:17:49]} 23. Qxc1 {[%clk 0:31:38]} Qh2+
{[%clk 0:16:59]} 24. Kd1 {[%clk 0:25:41]} Qh5+ {[%clk 0:16:27]} 25. Kc2
{[%clk 0:25:07]} Qf5+ {[%clk 0:15:23]} 26. Kd1 {[%clk 0:24:44]} Qh5+
{[%clk 0:15:22]} 27. Kc2 {[%clk 0:24:58]} Qb5 {[%clk 0:07:41]} 28. Qh1
{[%clk 0:20:05]} Be5 {[%clk 0:05:57]} 29. Bxe5 {[%clk 0:18:13]} Nxe5
{[%clk 0:04:39]} 30. Qh8+ {[%clk 0:14:58]} Ke7 {[%clk 0:04:45]} 31. Qxg7
{[%clk 0:15:00]} Qd3+ {[%clk 0:04:35]} 32. Kc1 {[%clk 0:14:26]} Qf1+
{[%clk 0:04:21]} 33. Kc2 {[%clk 0:12:01]} Qd3+ {[%clk 0:04:13]} 34. Kc1
{[%clk 0:12:20]} Qf1+ {[%clk 0:04:05]} 35. Kc2 {[%clk 0:12:26]} Qa1
{[%clk 0:03:13]} 36. Qg5+ {[%clk 0:10:28]} Kd7 {[%clk 0:03:31]} 37. Qf4
{[%clk 0:09:26]} Qa2+ {[%clk 0:03:22]} 38. Kc3 {[%clk 0:08:43]} Qa1+
{[%clk 0:03:44]} 39. Kc2 {[%clk 0:08:53]} Qa2+ {[%clk 0:03:52]} 40. Kc3
{[%clk 0:39:01]} Qa1+ {[%clk 0:32:13]} 41. Kc2 {[%clk 0:39:24]} Qa2+ 1/2-1/2

[Event "George Trundle NZ Qualifiers 2017"]
[Site "Auckland, NZL"]
[Date "2017.10.05"]
[Round "6.5"]
[White "James, Jack"]
[Black "Fan, Allen Chi Zhou"]
[Result "1/2-1/2"]
[BlackElo "2077"]
[WhiteElo "2062"]
[LiveChessVersion "1.4.8"]

1. e4 {[%clk 1:30:54]} e6 {[%clk 1:24:49]} 2. d4 {[%clk 1:27:49]} d5
{[%clk 1:25:04]} 3. exd5 {[%clk 1:28:11]} exd5 {[%clk 1:24:41]} 4. Bd3
{[%clk 1:28:02]} Bd6 {[%clk 1:22:11]} 5. c3 {[%clk 1:27:41]} c6 {[%clk 1:21:24]}
6. h3 {[%clk 1:24:59]} h6 {[%clk 1:20:13]} 7. Nd2 {[%clk 1:22:06]} Nd7
{[%clk 1:13:21]} 8. Ndf3 {[%clk 1:19:33]} Qc7 {[%clk 1:04:24]} 9. Ne2
{[%clk 1:18:06]} Ne7 {[%clk 1:03:10]} 10. Qc2 {[%clk 1:13:36]} Nf6
{[%clk 1:02:02]} 11. Be3 {[%clk 1:00:01]} Be6 {[%clk 0:38:17]} 12. O-O-O
{[%clk 0:52:15]} O-O-O {[%clk 0:37:26]} 13. Rhe1 {[%clk 0:43:17]} Nh5
{[%clk 0:32:15]} 14. Ne5 {[%clk 0:31:15]} g5 {[%clk 0:27:30]} 15. g4
{[%clk 0:22:40]} 1/2-1/2